| 000 | 00526nam a2200193 4500 | ||
|---|---|---|---|
| 999 |
_c12771 _d12771 |
||
| 008 | 210603b ||||| |||| 00| 0 hin d | ||
| 020 |
_a81-7145-062-8 _cRs.100.00 |
||
| 041 | 0 | _ahin | |
| 082 | 0 | 0 |
_a891.43 _bB6661 |
| 100 |
_94998 _aBodas, Nag |
||
| 245 | 1 | 0 |
_aManifesto / _cby Nag Bodas |
| 245 | 1 | 0 |
_aघोषणापत्र / _cनाग बोडास |
| 250 | _a1et ed. | ||
| 260 |
_aDelhi : _bSanmarg prakashan, _c1995. |
||
| 300 | _a168 p. | ||
| 365 | _bINR 100.00 | ||
| 650 | 0 | _aHindi fiction | |
| 942 |
_2ddc _cBK |
||